[Event "Galapagar op 06th"]
[Site "Galapagar"]
[Date "2005.07.26"]
[Round "4.8"]
[White "Rodriguez Cordon, Luis Jose"]
[Black "Gomez Gonzalez, Javier"]
[Result "1-0"]
[WhiteElo "2250"]
[BlackElo "2138"]
[PlyCount "81"]
[EventDate "2005.07.23"]
[EventType "swiss"]
[EventRounds "9"]
[EventCountry "ESP"]
[SourceTitle "EXT 2006"]
[Source "ChessBase"]
[SourceDate "2005.11.24"]
[SourceVersion "1"]
[SourceVersionDate "2005.11.24"]
[SourceQuality "1"]

1. d4 Nf6 2. c4 e6 3. Nc3 Bb4 4. a3 Bxc3+ 5. bxc3 b6 6. e3 0-0 7. Bd3 Bb7 8. f3 d6 9. Ne2 Nbd7 10. e4 c5 11. Bg5 Re8 12. Qd2 e5 13. d5 Nf8 14. g4 h6 15. Be3 N6h7 16. h4 Qf6 17. Kf2 Rad8 18. Rag1 Qe7 19. Ng3 Bc8 20. Rh2 f6 21. Nf5 Bxf5 22. gxf5 Kh8 23. Rhg2 Ng5 24. hxg5 fxg5 25. Bc2 Nh7 26. Ba4 Rf8 27. Rh2 Kg8 28. Rb1 Qf6 29. Bc6 Rf7 30. Kg3 Nf8 31. Qd1 Kh7 32. a4 g6 33. Qh1 gxf5 34. exf5 Qg7 35. Rxh6+ Kg8 36. Qh3 Rf6 37. Rh1 Rxh6 38. Qxh6 Nh7 39. Qe6+ Kh8 40. Be8 e4 41. Bg6 1-0

[Event "La Roda op 31st"]
[Site "La Roda"]
[Date "2004.04.08"]
[Round "3"]
[White "Gutierrez Nunez, Elizabeth"]
[Black "Rodriguez Cordon, Luis Jose"]
[Result "1/2-1/2"]
[WhiteElo "2099"]
[BlackElo "2270"]
[PlyCount "175"]
[EventDate "2004.04.07"]
[EventType "swiss"]
[EventRounds "9"]
[EventCountry "ESP"]
[SourceTitle "CBM 099 Extra"]
[Source "ChessBase"]
[SourceDate "2004.05.04"]
[SourceVersion "1"]
[SourceVersionDate "2004.05.04"]
[SourceQuality "1"]

1. e4 c5 2. Nf3 Nc6 3. d4 cxd4 4. Nxd4 g6 5. Nc3 Bg7 6. Be3 Nf6 7. Nxc6 bxc6 8. e5 Nd5 9. Nxd5 cxd5 10. Qxd5 Rb8 11. Bxa7 Rxb2 12. Bd4 Rb4 13. c3 Bb7 14. Qc5 Ra4 15. f3 0-0 16. Bb5 d6 17. Qb6 Qxb6 18. Bxb6 Ra3 19. Kd2 Bxe5 20. Bd4 Bxd4 21. cxd4 Bd5 22. Rhc1 Rb8 23. Bd3 Rb2+ 24. Rc2 Raxa2 25. Rxa2 Rxa2 26. Rxa2 Bxa2 27. f4 Be6 28. Ke3 Kg7 29. g3 Bg4 30. Be4 Kf6 31. Bd5 Be6 32. Be4 h6 33. h4 Bg4 34. Bd5 Be6 35. Be4 Kg7 36. Bf3 Kf8 37. Bc6 Bb3 38. Bb5 Kg7 39. Bd3 Bd5 40. Be2 Kf8 41. Bb5 Kg7 42. Be2 Bc6 43. Bc4 Kf8 44. Bd3 Bd7 45. Bc4 Ke8 46. Bd5 Be6 47. Be4 Kd8 48. Bd3 Kc7 49. Be4 Kb6 50. Kd2 Kb5 51. Kc3 Bc4 52. Bc2 Be6 53. Bd1 Kc6 54. Bf3+ Bd5 55. Be2 Be4 56. Bc4 d5 57. Be2 Kd6 58. Kd2 f6 59. Ke3 Kc6 60. Kd2 Kd6 61. Ke3 Bb1 62. Bf1 e5 63. fxe5+ fxe5 64. Be2 Ke6 65. Bg4+ Kf6 66. Bh3 Be4 67. Bg4 Bg2 68. Bd7 Be4 69. Bg4 Bf5 70. Bf3 e4 71. Be2 h5 72. Bb5 Ke6 73. Bc6 Kd6 74. Bb5 Bd7 75. Be2 Kc6 76. Bf1 Kb6 77. Be2 Ka5 78. Bf1 Kb4 79. Bg2 Kc3 80. Bf1 Kc2 81. Be2 Bg4 82. Bb5 Kd1 83. Be8 Ke1 84. Bf7 Kf1 85. Bxd5 Kg2 86. Bxe4+ Kxg3 87. Bxg6 Kxh4 88. Bxh5 1/2-1/2

[Event "Benidorm Bali op-A"]
[Site "Benidorm"]
[Date "2003.11.24"]
[Round "4"]
[White "Castillo Gallego, Sergio"]
[Black "Rodriguez Cordon, Luis Jose"]
[Result "1-0"]
[WhiteElo "2204"]
[BlackElo "2271"]
[PlyCount "77"]
[EventDate "2003.11.21"]
[EventType "swiss"]
[EventRounds "9"]
[EventCountry "ESP"]
[SourceTitle "CBM 097 Extra"]
[Source "ChessBase"]
[SourceDate "2004.01.13"]
[SourceVersion "1"]
[SourceVersionDate "2004.01.13"]
[SourceQuality "1"]

1. e4 c5 2. Nf3 Nc6 3. Nc3 g6 4. Bb5 Bg7 5. 0-0 Nd4 6. Nxd4 cxd4 7. Ne2 a6 8. Ba4 b5 9. Bb3 Bb7 10. d3 d5 11. exd5 Bxd5 12. Bxd5 Qxd5 13. a4 b4 14. a5 Rb8 15. Bd2 Qd7 16. b3 Nf6 17. Ra4 Nd5 18. Nf4 Nc3 19. Bxc3 bxc3 20. Qf3 e6 21. Rc4 0-0 22. Qc6 Qd8 23. Ra1 Qg5 24. g3 Ra8 25. Qf3 h5 26. Rc7 h4 27. Kg2 Qd8 28. Rb7 hxg3 29. hxg3 Rb8 30. Ra4 Qd6 31. Rc4 e5 32. Rc6 Qa3 33. Rxb8 Rxb8 34. Nd5 Re8 35. Rc7 f5 36. Nf6+ Bxf6 37. Qd5+ Kh8 38. Qf7 Qe7 39. Rxe7 1-0

[Event "Benidorm Bali op-A"]
[Site "Benidorm"]
[Date "2003.11.23"]
[Round "3"]
[White "Rodriguez Cordon, Luis Jose"]
[Black "Morales Camacho, Julian"]
[Result "1-0"]
[WhiteElo "2271"]
[BlackElo "2183"]
[PlyCount "73"]
[EventDate "2003.11.21"]
[EventType "swiss"]
[EventRounds "9"]
[EventCountry "ESP"]
[SourceTitle "CBM 097 Extra"]
[Source "ChessBase"]
[SourceDate "2004.01.13"]
[SourceVersion "1"]
[SourceVersionDate "2004.01.13"]
[SourceQuality "1"]

1. d4 d6 2. c4 e5 3. Nc3 exd4 4. Qxd4 Nf6 5. b3 Nc6 6. Qd2 g6 7. Bb2 Bg7 8. g3 0-0 9. Nh3 a5 10. Nf4 Nd7 11. Bg2 Nce5 12. Ne4 Re8 13. 0-0 a4 14. Rac1 axb3 15. axb3 Ra2 16. Nc3 Ra6 17. Na4 c6 18. Rfd1 Bf8 19. Nd3 Qe7 20. Nxe5 dxe5 21. c5 Qe6 22. Qc3 Qf5 23. Rd3 Rxa4 24. Rxd7 Qxd7 25. bxa4 Qg4 26. Qc4 Rd8 27. Qc2 Bf5 28. Qc3 f6 29. a5 Qxe2 30. Bf1 Qg4 31. Qb3+ Be6 32. Qxb7 Bd5 33. Bg2 Bxg2 34. Kxg2 Qe4+ 35. Kg1 Bh6 36. Rf1 Be3 37. Qb3+ 1-0

[Event "Pablo Gorbea Memorial 7th"]
[Site "Madrid"]
[Date "2003.09.07"]
[Round "7"]
[White "Del Rio de Angelis, Salvador Gabriel"]
[Black "Rodriguez Cordon, Luis Jose"]
[Result "1-0"]
[WhiteElo "2479"]
[BlackElo "2248"]
[PlyCount "75"]
[EventDate "2003.09.01"]
[EventType "swiss"]
[EventRounds "9"]
[EventCountry "ESP"]
[SourceTitle "CBM 096 Extra"]
[Source "ChessBase"]
[SourceDate "2003.10.22"]
[SourceVersion "2"]
[SourceVersionDate "2003.10.20"]
[SourceQuality "1"]

1. e4 Nc6 2. Nc3 Nf6 3. d4 d5 4. e5 Nd7 5. Nge2 Nb6 6. Ng3 g6 7. Be2 h5 8. h4 Be6 9. b3 Qd7 10. a4 a5 11. Be3 Bh6 12. Bxh6 Rxh6 13. Qd2 Rh8 14. Bb5 Nc8 15. Nce2 N8a7 16. Nf4 Kf8 17. c3 Nxb5 18. axb5 Nd8 19. Qd3 c6 20. bxc6 bxc6 21. 0-0 Kg7 22. Ra3 Bf5 23. Nxf5+ Qxf5 24. Qxf5 gxf5 25. b4 Nb7 26. Rfa1 Ra6 27. bxa5 Kh6 28. Rb1 Rxa5 29. Rxa5 Nxa5 30. Rb6 e6 31. Ra6 Nc4 32. Rxc6 Kg7 33. Rc7 Rh6 34. f3 Kf8 35. Kf2 Ke8 36. Ke2 Nb6 37. Rc6 Nd7 38. Nxd5 1-0

[Event "Collado Villalba op-A 20th"]
[Site "Collado Villalba"]
[Date "2003.08.27"]
[Round "6"]
[White "Moreno Ruiz, Javier"]
[Black "Rodriguez Cordon, Luis Jose"]
[Result "1-0"]
[WhiteElo "2420"]
[BlackElo "2245"]
[PlyCount "83"]
[EventDate "2003.08.22"]
[EventType "swiss"]
[EventRounds "9"]
[EventCountry "ESP"]
[SourceTitle "EXT 2004"]
[Source "ChessBase"]
[SourceDate "2003.11.25"]
[SourceVersion "1"]
[SourceVersionDate "2003.11.25"]
[SourceQuality "1"]

1. d4 Nf6 2. c4 c5 3. d5 e5 4. Nc3 d6 5. e4 g6 6. Be2 Nbd7 7. Bg5 h6 8. Be3 Nb6 9. h3 Nh5 10. Qd2 Bg7 11. g3 Qe7 12. b3 Nd7 13. Rb1 b6 14. Bf3 Kf8 15. Nge2 Kg8 16. Kf1 Kh7 17. Kg2 Rf8 18. a3 Nhf6 19. g4 Ng8 20. Ng3 Bf6 21. h4 Bg7 22. g5 f5 23. exf5 gxf5 24. Nxf5 Rxf5 25. Be4 Nf8 26. Qc2 Qd7 27. Nb5 Kh8 28. Nxd6 Rxf2+ 29. Qxf2 Qxd6 30. b4 cxb4 31. axb4 Nd7 32. c5 Qf8 33. Qxf8 Nxf8 34. d6 Rb8 35. c6 Bg4 36. Kg3 h5 37. Rh2 Ne6 38. Ra2 Bf8 39. d7 Bd6 40. Rxa7 Bc7 41. Rxc7 Nxc7 42. Bxb6 1-0

[Event "Madrid-ch"]
[Site "Madrid"]
[Date "2003.03.20"]
[Round "9"]
[White "Rodriguez Cordon, Luis Jose"]
[Black "Solaesa Navalpotro, Luis Julio"]
[Result "1/2-1/2"]
[WhiteElo "2207"]
[BlackElo "2188"]
[PlyCount "129"]
[EventDate "2003.03.11"]
[EventType "tourn"]
[EventRounds "11"]
[EventCountry "ESP"]
[EventCategory "1"]
[SourceTitle "CBM 093 Extra"]
[Source "ChessBase"]
[SourceDate "2003.05.09"]
[SourceVersion "1"]
[SourceVersionDate "2003.05.09"]
[SourceQuality "1"]

1. d4 Nf6 2. c4 c5 3. d5 b5 4. cxb5 a6 5. b6 e6 6. Nc3 Nxd5 7. Nxd5 exd5 8. Qxd5 Nc6 9. Nf3 Rb8 10. Ne5 Qf6 11. Nxc6 dxc6 12. Qe4+ Qe6 13. Qxe6+ Bxe6 14. Bd2 Rxb6 15. Bc3 c4 16. a3 f6 17. e3 Bd6 18. Rc1 Kf7 19. Be2 Bd5 20. 0-0 Ke6 21. Rfd1 Be5 22. e4 Bxe4 23. Bxc4+ Bd5 24. Bxe5 fxe5 25. b4 Ra8 26. Bxd5+ cxd5 27. Rc7 Rg8 28. Rdc1 Kd6 29. Ra7 h6 30. Rcc7 g5 31. Rd7+ Ke6 32. Rf7 Rg6 33. Rf8 Rf6 34. Re8+ Kd6 35. Raa8 e4 36. Rad8+ Kc6 37. Re5 Rd6 38. Rc8+ Kd7 39. Rc5 Rbc6 40. Rxc6 Kxc6 41. a4 a5 42. bxa5 Kc5 43. Kf1 Kd4 44. Re8 Ra6 45. Ke2 Rxa5 46. Re6 Rxa4 47. Rxh6 Ra2+ 48. Kf1 Kd3 49. g4 d4 50. Rg6 e3 51. fxe3 dxe3 52. Rd6+ Ke4 53. Rh6 Kf4 54. Rh3 Rf2+ 55. Ke1 Rg2 56. Rh8 Kxg4 57. Re8 Rxh2 58. Rxe3 Kf4 59. Ra3 g4 60. Kf1 Rb2 61. Kg1 Kg5 62. Kh1 Kh4 63. Kg1 Rc2 64. Rb3 g3 65. Rb8 1/2-1/2

[Event "Madrid-ch"]
[Site "Madrid"]
[Date "2003.03.11"]
[Round "2"]
[White "Almagro Llamas, Pablo"]
[Black "Rodriguez Cordon, Luis Jose"]
[Result "1-0"]
[WhiteElo "2345"]
[BlackElo "2207"]
[PlyCount "63"]
[EventDate "2003.03.11"]
[EventType "tourn"]
[EventRounds "11"]
[EventCountry "ESP"]
[EventCategory "1"]
[SourceTitle "CBM 093 Extra"]
[Source "ChessBase"]
[SourceDate "2003.05.09"]
[SourceVersion "1"]
[SourceVersionDate "2003.05.09"]
[SourceQuality "1"]

1. e4 c5 2. Nf3 Nc6 3. d4 cxd4 4. Nxd4 g6 5. Nc3 Bg7 6. Be3 Nf6 7. Bc4 Qa5 8. 0-0 0-0 9. Nb3 Qc7 10. Be2 d6 11. Bg5 Be6 12. f4 Na5 13. f5 gxf5 14. exf5 Nxb3 15. cxb3 Qc5+ 16. Kh1 Bxf5 17. Bxf6 Bxf6 18. Nd5 Be4 19. Nxf6+ exf6 20. Bf3 Rae8 21. Rc1 Qe3 22. Bxe4 Rxe4 23. Qxd6 Re6 24. Qb4 Rfe8 25. h3 b6 26. Rc3 Qg5 27. Kh2 Kh8 28. Rg3 Qh6 29. Rf4 Re1 30. Qd4 Rd1 31. Qc4 Qf8 32. Qc3 1-0

[Event "Madrid-ch 65th"]
[Site "Madrid"]
[Date "2002.04.20"]
[Round "6"]
[White "Rodriguez Cordon, Luis Jose"]
[Black "Solaesa Navalpotro, Luis Julio"]
[Result "1/2-1/2"]
[WhiteElo "2165"]
[BlackElo "2176"]
[PlyCount "127"]
[EventDate "2002.04.15"]
[EventType "tourn"]
[EventRounds "11"]
[EventCountry "ESP"]
[SourceTitle "EXT 2003"]
[Source "ChessBase"]
[SourceDate "2002.11.25"]
[SourceVersion "1"]
[SourceVersionDate "2002.11.25"]
[SourceQuality "1"]

1. d4 Nf6 2. c4 c5 3. d5 b5 4. cxb5 a6 5. b6 e6 6. Nc3 Nxd5 7. Nxd5 exd5 8. Qxd5 Nc6 9. Nf3 Qxb6 10. g3 Be7 11. Bg2 0-0 12. 0-0 Ra7 13. Nd2 Nd4 14. e4 d6 15. Nc4 Qb8 16. Qh5 Nc2 17. Rb1 Be6 18. Na5 Qb5 19. Nb3 Bc4 20. Qd1 Nb4 21. Re1 Nxa2 22. Re3 Rb8 23. Nd2 Be6 24. Bf1 Qb4 25. Ra3 a5 26. Ra4 Qb7 27. Bg2 Nxc1 28. Qxc1 Bd7 29. Ra3 a4 30. b3 Qc7 31. bxa4 Rxa4 32. Rba1 Rxa3 33. Rxa3 Bf6 34. Nc4 Bd4 35. Ra2 Be6 36. Rc2 Rb4 37. Bf1 d5 38. exd5 Bxd5 39. Ne3 Bb7 40. Qd2 Qe5 41. Bg2 Rb1+ 42. Rc1 Rxc1+ 43. Qxc1 Bxe3 44. fxe3 Bxg2 45. Kxg2 Qe4+ 46. Kf2 c4 47. Qd2 h5 48. h4 Kh7 49. Qc3 Kg6 50. Qd2 f6 51. Qc3 Kf5 52. Qb2 Qd3 53. Qb7 c3 54. Qxg7 Qd2+ 55. Kf3 Qd1+ 56. Kf2 c2 57. Qh7+ Ke5 58. Qe7+ Kd5 59. Qd7+ Kc4 60. Qc6+ Kb3 61. Qb5+ Ka2 62. Qa4+ Kb1 63. Qb3+ Kc1 64. Qa3+ 1/2-1/2

[Event "Madrid-ch 65th"]
[Site "Madrid"]
[Date "2002.04.17"]
[Round "3"]
[White "Barez Menendez, Hector"]
[Black "Rodriguez Cordon, Luis Jose"]
[Result "0-1"]
[WhiteElo "2198"]
[BlackElo "2165"]
[PlyCount "131"]
[EventDate "2002.04.15"]
[EventType "tourn"]
[EventRounds "11"]
[EventCountry "ESP"]
[SourceTitle "EXT 2003"]
[Source "ChessBase"]
[SourceDate "2002.11.25"]
[SourceVersion "1"]
[SourceVersionDate "2002.11.25"]
[SourceQuality "1"]

1. Nf3 c5 2. c4 g6 3. d4 cxd4 4. Nxd4 Bg7 5. e4 Nc6 6. Be3 Nf6 7. Nc3 Ng4 8. Qxg4 Nxd4 9. Qd1 Ne6 10. Rc1 Qa5 11. Be2 b6 12. 0-0 Bb7 13. f3 g5 14. Qd2 h5 15. Rfd1 d6 16. c5 bxc5 17. Bb5+ Kf8 18. Bc4 g4 19. fxg4 hxg4 20. Qf2 g3 21. Qf5 Nd8 22. Rf1 Bf6 23. Nb5 Qb6 24. b4 Rxh2 25. bxc5 dxc5 26. Bf4 Rh4 27. Bxg3 Bxe4 28. Qf2 Rg4 29. Qe2 Rxg3 30. Qxe4 Rb8 31. Rcd1 Rg7 32. Nd6 Bd4+ 33. Rxd4 cxd4 34. Nf5 d3+ 35. Rf2 d2 36. Qxe7+ Kg8 37. Qe8+ Kh7 38. Qe2 d1Q+ 39. Qxd1 Qb1 40. Qxb1 Rxb1+ 41. Kh2 Rg5 42. Nd6 Rb4 43. Bb3 Kg7 44. Ne8+ Kf8 45. Nf6 Rg7 46. Rd2 Ne6 47. g3 Rd4 48. Rf2 Ke7 49. Nd5+ Kd8 50. Ne3 Ng5 51. Nf5 Rh7+ 52. Kg2 Rd3 53. Bc2 Rd7 54. Ba4 Rd5 55. Bb3 Re5 56. Nd6 Ke7 57. Nf5+ Kf8 58. Nh4 Re1 59. Bc2 Rh6 60. Bb3 Rc6 61. Rd2 Rcc1 62. Nf3 Nxf3 63. Kxf3 Rc3+ 64. Kf2 Re7 65. g4 Kg7 66. Rd4 0-1

[Event "Madrid-ch 65th"]
[Site "Madrid"]
[Date "2002.04.15"]
[Round "1"]
[White "Ballesteros Gonzalez, David"]
[Black "Rodriguez Cordon, Luis Jose"]
[Result "1-0"]
[WhiteElo "2277"]
[BlackElo "2165"]
[PlyCount "121"]
[EventDate "2002.04.15"]
[EventType "tourn"]
[EventRounds "11"]
[EventCountry "ESP"]
[SourceTitle "EXT 2003"]
[Source "ChessBase"]
[SourceDate "2002.11.25"]
[SourceVersion "1"]
[SourceVersionDate "2002.11.25"]
[SourceQuality "1"]

1. d4 Nf6 2. c4 c5 3. d5 e5 4. Nc3 d6 5. e4 g6 6. f4 exf4 7. Bxf4 Nh5 8. Be3 Bg7 9. Nf3 0-0 10. Be2 Nd7 11. 0-0 Ne5 12. Nxe5 Bxe5 13. Qe1 Ng7 14. Qd2 Qe7 15. Rae1 Bd7 16. a3 Rae8 17. Bg5 f6 18. Bf4 Bxf4 19. Qxf4 Qe5 20. Qxe5 fxe5 21. b4 Rc8 22. Rb1 cxb4 23. axb4 Rxf1+ 24. Rxf1 b6 25. h3 Ne8 26. g4 g5 27. b5 Kg7 28. Kg2 Nf6 29. Kf2 h5 30. Kg3 h4+ 31. Kf2 Rc7 32. Ke3 Nh7 33. Na2 Nf8 34. Nb4 Ng6 35. Rd1 Nf4 36. Bf1 Kf6 37. Nc6 Bxc6 38. bxc6 Ke7 39. c5 bxc5 40. Rb1 Kd8 41. Ba6 Nxh3 42. Rb8+ Ke7 43. Rg8 Nf4 44. Kf3 Nh3 45. Rg7+ Kd8 46. Rg6 Rf7+ 47. Ke3 Kc7 48. Rg8 Rh7 49. Rc8+ Kb6 50. Bf1 Nf4 51. Rb8+ Ka5 52. Rb5+ Ka4 53. Rb7 Rh8 54. c7 Rc8 55. Rxa7+ Kb3 56. Ba6 h3 57. Bxc8 Kb2 58. Bd7 h2 59. c8Q h1Q 60. Qb7+ Kc3 61. Ra3+ 1-0